|
|
|
|
| LEADER |
01306nam a2200337 4500 |
| 001 |
DLU100113849 |
| 005 |
##20101206 |
| 040 |
# |
# |
|a DLU
|b vie
|
| 041 |
# |
# |
|a vie
|
| 044 |
# |
# |
|a vn
|
| 082 |
# |
# |
|a 332.12
|b TR-T
|
| 100 |
# |
# |
|a Trương Quang Thông,
|c TS.
|
| 245 |
# |
# |
|a Quản trị ngân hàng thương mại /
|c Trương Quang Thông.
|
| 260 |
# |
# |
|a H. :
|b Tài chính,
|c 2010.
|
| 300 |
# |
# |
|a 186 tr. ;
|c 24 cm.
|
| 504 |
# |
# |
|a Tài liệu tham khảo: tr.186.
|
| 505 |
# |
# |
|a Chương 1. Tổng quan về ngân hàng thương mại và hệ thống ngân hàng Việt Nam -- Chương 2. Khung pháp lý điều chỉnh hoạt động ngân hàng Việt Nam -- Chương 3. Quản trị vốn tự có -- Chương 4. Quản trị thanh khoản -- Chương 5. Quản trị tài sản - nợ -- Chương 6. Tổng quan về marketing ngân hàng -- Chương 7. Tổng quan về chiến lược cạnh tranh ngân hàng -- Các câu hỏi ôn tập.
|
| 653 |
# |
# |
|a Ngân hàng thương mại
|
| 653 |
# |
# |
|a Nghiệp vụ ngân hàng
|
| 653 |
# |
# |
|a Quản trị kinh doanh
|
| 923 |
# |
# |
|a 10/2010
|
| 991 |
# |
# |
|a GT
|
| 992 |
# |
# |
|a 44000
|
| 994 |
# |
# |
|a DLU
|
| 900 |
# |
# |
|a True
|
| 911 |
# |
# |
|a Đào Thị Thu Huyền
|
| 925 |
# |
# |
|a G
|
| 926 |
# |
# |
|a A
|
| 927 |
# |
# |
|a SH
|
| 980 |
# |
# |
|a Thư viện Trường Đại học Đà Lạt
|